000 00872 a2200181 4500
003 Nust
005 20170207153218.0
040 _cNust
082 _a621.382
100 _aAhmed , Zamir Muhammad (MSEE-8)
245 _aFrequency synchronization in OFDM mobile systems
_cMuhammad Zamir Ahmed
260 _bMCS, NUST
_c2008
_aRawalpindi
300 _aix,63, p.;
505 _aIntroduction to thesis (page-1) Evolution of OFDM and its various applications (page-4) Basics of multi-carrier modulation (page-11) Wireless radio channel modeling for OFDM systems (page-16) Existing frequency synchronization techniques (page-27) simulations and designed algorithm details (page-36) Frequency synchronization simulations and performance analysis (page-450 Conclusions and future work (page-56).
538 _aAlmirah No 69 Shelf No 1
650 _aMS Thesis
651 _aMSEE-8
942 _cTHS
999 _c181687
_d181687